000 12205nas1a22006971i 4500
001 RU\NLR\INFOCOMM44\1000036612
005 20240726011437.0
035 _a(NLR Aleph) 002573461
090 _a3210506
_c3210507
100 _a20040609c1972 |||y0rusy50 ca
101 0 _arus
102 _aRU
110 _azyu||||0|y0
200 1 _aОбобщение и систематизация производственно-технической отчетности по предприятиям и объединениям
_fЦНИИ экономики и науч.-техн. информ. угол. пром-сти. ЦНИЭИ уголь
210 _d1972-
300 _aДо 1971 (1972) выходило два изд.: Угольная промышленность СССР. Т.1. Показатели по республикам, бассейнам и комбинатам (шифры разные) и Угольная промышленность СССР. Т.2. Показатели по предприятиям (шифры разные)
300 _aВыходит в 4-х т.: Т. Производство, труд, себестоимость, рентабельность производства, стоимость основных фондов, ввод мощностей; Т.2. Горные работы, механизация и показатели по сланцевой промышленности; Т.3 Показатели по шахтам и разрезам; Т.4. Показатели по обогатительным и брикетным фабрикам; С 1981 (1982) выходит в 5-ти т.; Т.1. Производство, труд, себестоимость, рентабельность производства, стоимость основных фондов, ввод мощностей, промышленный, железнодорожный транспорт; Т.2 Горные работы и механизация по угольным шахтам.-
300 _9^^
_aПоказатели по сланцевой промышленности; Т.3. Показатели по шахтам; Т.4. Показатели по открытым; Т.5. Показатели по обогатительным и брикетным фабрикам; С 1988 (1989) выходит в 6-ти т.: Т.1. Производство, труд, себестоимость, рентабельность производства, ввод мощностей; Т.2. Горные работы и механизация по угольным шахтам, показатели по сланцевой промышленности; Т.3. Показатели по шахтам; Т.4 Показатели по открытым работам; Т.5. Показатели по обогатительным брикетным фабрикам; Т.6.-
300 _9^^
_aПроизводство, прогрессивная технология, капитальное строительство, труд и заработная плата, себестоимость и прибыль, финансовая деятельность, фонды экономического стимулирования; с 1989 (1990) выходит в 7т.: ... Т.6.-
300 _9^^
_aПроизводство, прогрессивная технология, капитальное строительство, труд и социальное развитие, себестоимость и прибыль, финансовая деятельность, фонды экономического стимулирования, основные средства; Т.7: Производство, прогрессивная технология капитальное строительство, труд и социальное развитие, себестоимость и прибыль, основные средства (на обл. Ремонтномеханические и рудоремонтные заводы, шахтостроительные и прочие организации отрасли "Машиностроение")
300 _aНа обл. загл.: Угольная промышленность СССР
300 _aВ надзаг. также: М-во угол. пром-сти СССР
430 1 _12001#$aТема №... Технико-экономический анализ и статистический отчет о работе угольной и сланцевой промышленности СССР$hЭтап 4.$iСистематизация сводных технико-экономических показателей по предприятиям, комбинатам, республикам и Минуглепрому СССР
_tТема №... Технико-экономический анализ и статистический отчет о работе угольной и сланцевой промышленности СССР
430 1 _12001#$aТехнико-экономический анализ и статистический отчет о работе угольной и сланцевой промышленности СССР$iСистематизация сводных технико-экономических показателей по предприятиям, комбинатам, республикам и Минуглепрому СССР
_tТехнико-экономический анализ и статистический отчет о работе угольной и сланцевой промышленности СССР
430 1 _12001#$aТехнико-экономический анализ работы угольной промышленности СССР$iОбобщение и систематизация производственно-технической отчетности по предприятиям и объединениям
_tТехнико-экономический анализ работы угольной промышленности СССР
440 1 _12001#$aОтчет о производственно-хозяйственной деятельности предприятий угольного машиностроения
_tОтчет о производственно-хозяйственной деятельности предприятий угольного машиностроения
440 1 _12001#$aАнализ технико-экономических показателей производственно-хозяйственной деятельности предприятий угольного машиностроения
_tАнализ технико-экономических показателей производственно-хозяйственной деятельности предприятий угольного машиностроения
440 1 _12001#$aТехнико-экономический анализ основных показателей производственно-хозяйственной деятельности ремонтномеханических и рудоремонтных заводов
_tТехнико-экономический анализ основных показателей производственно-хозяйственной деятельности ремонтномеханических и рудоремонтных заводов
517 1 _aУгольная промышленность СССР
801 1 _aRU
_bInfoComm
_c20040609
801 0 _aRU
_bNLR
_gPSBO
852 _aNLR
_jП23/2921
931 _9^^
931 _9^^
931 _9^^
931 _9^^
942 _cSE
980 _aRUSPER